000 00691nam a22002177a 4500
999 _c9056
_d9056
003 AR-CdUCM
008 190327b ||||| |||| 00| 0 spa d
040 _aMUNICIPALIDAD PROVINCIAL DEL CUSCO
_cBIBLIOTECA MUNICIPAL DEL CUSCO
082 _a818.5 /
_bT78
100 _aTraver, Robert
_925031
245 _aAnatomía de un asesinato /
260 _aBarcelona :
_bSaturno,
_c1963.
300 _a453 páginas ;
_c21 cm.
505 _aContenido : Dedicatoria -- Advertencia -- Prologo -- Antes del proceso -- El juicio ...
650 _a Literatura
_925032
650 _aNovela
_9572
650 _aUniversal
_918236
700 _aLeon, Jacinto
_925033
942 _2ddc
_cLIBROS
945 _arah